[Event "XXV Miedzynarodowy Festiwal Szachowy w Poznaniu - OPEN A"]
[Site "Poznan"]
[Date "2017.08.21"]
[Round "3.30"]
[White "Szymanski, Zbigniew"]
[Black "Hoffmann, Piotr"]
[Result "1-0"]
[WhiteTitle ""]
[BlackTitle ""]
[WhiteElo "1844"]
[BlackElo "1651"]

1. d4 Nf6 2. Nf3 d5 3. e3 c6 4. Ne5 Nbd7 5. f4 Nxe5 6. fxe5 Bg4 7. Be2 Bxe2 8.
Qxe2 Ne4 9. O-O e6 10. Qh5 Qe7 11. Qf3 f5 12. Nd2 O-O-O 13. c4 Nxd2 14. Bxd2 dxc4
15. Rfc1 Qd7 16. Rxc4 Qd5 17. Rac1 Qxf3 18. gxf3 Kd7 19. b4 Be7 20. b5 Rc8 21.
bxc6+ Rxc6 22. Rxc6 bxc6 23. Rb1 Kc7 24. Ba5+ Kc8 25. Kf2 Rf8 26. Rg1 Rf7 27.
Ke2 Bd8 28. Bxd8 Kxd8 29. Rb1 Kc7 30. h4 Rd7 31. h5 Kc8 32. Kd3 g5 33. hxg6 hxg6
34. Rg1 Rg7 35. f4 Kc7 36. Kc4 Kb6 37. Rg2 Rg8 38. Rb2+ Kc7 39. Kc5 g5 40. fxg5
Rxg5 41. Rh2 Rg7 42. Rh6 Kd7 43. Rh8 Kc7 44. Re8 Rg3 45. Re7+ Kd8 46. Rxa7 Rxe3
47. Kd6 Kc8 48. Kxc6 Rc3+ 49. Kd6 f4 50. Kxe6 f3 51. Ra8+ Kc7 52. Rf8 Ra3 53.
d5 Rxa2 54. d6+ Kc6 55. d7 1-0

[Event "XXV Miedzynarodowy Festiwal Szachowy w Poznaniu - OPEN A"]
[Site "Poznan"]
[Date "2017.08.21"]
[Round "3.31"]
[White "Wojdak, Karol"]
[Black "Olejarczyk, Wojciech "]
[Result "0-1"]
[WhiteTitle ""]
[BlackTitle ""]
[WhiteElo "1372"]
[BlackElo "1820"]

1. e4 c5 2. Nf3 d6 3. d4 cxd4 4. Nxd4 Nf6 5. Nc3 a6 6. f3 e6 7. Be3 Be7 8. Qd2
b5 9. Bd3 Bb7 10. a4 b4 11. Nce2 d5 12. e5 Nfd7 13. f4 Nc5 14. O-O Ne4 15. Bxe4
dxe4 16. Rad1 Nc6 17. Qe1 Qa5 18. b3 Rc8 19. Qg3 g6 20. Rd2 h5 21. Qf2 Nxd4 22.
Bxd4 Bc5 23. Rfd1 O-O 24. Qe3 Bxd4 25. Qxd4 Qc5 26. Qxc5 Rxc5 27. Nd4 Rfc8 28.
Kf2 Bd5 29. Re1 Kg7 30. Ree2 h4 31. Re3 Rc3 32. Rxc3 Rxc3 33. Re2 g5 34. fxg5
Kg6 35. Re3 Rc7 36. Re2 Kxg5 37. Ke3 Rc3+ 38. Kd2 Kf4 39. Kd1 h3 40. Rf2+ Kxe5
41. Ne2 hxg2 42. Rxg2 Rf3 43. Kd2 f5 44. Rg7 e3+ 45. Ke1 Rf2 46. Rg3 f4 47. Rh3
Bf3 48. Nc1 Be4 49. Rh5+ Bf5 50. Nd3+ Kd4 51. Nxf2 exf2+ 52. Kxf2 Bxc2 53. Rh3
e5 54. Ke2 e4 55. Kd2 Bd3 56. Rh6 e3+ 57. Ke1 f3 58. Rd6+ Kc3 59. Rxd3+ Kxd3 60.
h4 e2 0-1

[Event "XXV Miedzynarodowy Festiwal Szachowy w Poznaniu - OPEN A"]
[Site "Poznan"]
[Date "2017.08.21"]
[Round "3.32"]
[White "Augustowski, Janusz"]
[Black "Frackowiak, Andrzej"]
[Result "1/2-1/2"]
[WhiteTitle ""]
[BlackTitle ""]
[WhiteElo "1810"]
[BlackElo "1611"]

1. d4 d5 2. Nf3 Nf6 3. g3 e6 4. Bg2 Bd6 5. O-O Nbd7 6. c4 c6 7. Nbd2 O-O 8. Qc2
Re8 9. e4 dxe4 10. Nxe4 Nxe4 11. Qxe4 Nf6 12. Qc2 Qc7 13. Bg5 Nd7 14. c5 Bf8 15.
Bf4 Qd8 16. Ng5 g6 17. Ne4 e5 18. dxe5 Nxe5 19. Rad1 Nd7 20. Nd6 Bxd6 21. Bxd6
Qa5 22. Qc4 Nf8 23. b4 Qa3 24. Rd3 Qb2 25. Qc3 Qxc3 26. Rxc3 Be6 27. a4 a6 28.
b5 axb5 29. axb5 Rac8 30. Rb1 Nd7 31. Ra1 Ra8 32. Rca3 Rxa3 33. Rxa3 Bc4 34. Re3
Rxe3 35. fxe3 Bxb5 36. Bh3 Nf6 37. Bc8 Ba6 38. h3 Ne4 39. Kg2 Nxd6 40. cxd6 Kf8
41. Bd7 c5 42. Kf3 Bd3 43. e4 f6 44. Ke3 Bf1 45. h4 b5 46. Kf2 Bd3 47. Ke3 Bf1
48. g4 h6 49. g5 hxg5 50. hxg5 fxg5 51. e5 Bc4 52. e6 Bxe6 53. Bxe6 c4 54. Kd4
Ke8 55. Kc3 Kd8 56. Kb4 Ke8 57. Kc3 Kd8 1/2-1/2

[Event "XXV Miedzynarodowy Festiwal Szachowy w Poznaniu - OPEN A"]
[Site "Poznan"]
[Date "2017.08.21"]
[Round "3.33"]
[White "Kaluzny, Jan "]
[Black "Sacharewicz, Krzysztof "]
[Result "0-1"]
[WhiteTitle ""]
[BlackTitle ""]
[WhiteElo "1350"]
[BlackElo "1800"]

1. e4 c5 2. Nf3 d6 3. d4 cxd4 4. Nxd4 Nf6 5. Nc3 a6 6. Be2 e6 7. O-O Be7 8. Be3
Qc7 9. Kh1 e5 10. Nb3 Be6 11. f4 Nbd7 12. Nd5 Bxd5 13. exd5 O-O-O 14. Rc1 Kb8
15. c4 Rc8 16. fxe5 Nxe5 17. c5 dxc5 18. Nxc5 Qd8 19. Qd4 Bxc5 20. Rxc5 Qd6 21.
Rxc8+ Kxc8 22. Rc1+ Kd7 23. Qa4+ Kd8 24. Qa5+ Kd7 25. Bb6 Nxd5 26. Rd1 Ke6 0-1

[Event "XXV Miedzynarodowy Festiwal Szachowy w Poznaniu - OPEN A"]
[Site "Poznan"]
[Date "2017.08.21"]
[Round "3.34"]
[White "Huchwajda, Katarzyna "]
[Black "Kaluzny, Stanislaw "]
[Result "1/2-1/2"]
[WhiteTitle ""]
[BlackTitle ""]
[WhiteElo "1779"]
[BlackElo "1361"]

1. e4 c5 2. Nf3 Nc6 3. d4 cxd4 4. Nxd4 Nf6 5. Nc3 d6 6. Bc4 e6 7. Be3 Be7 8. Qe2
Nxd4 9. Bxd4 a6 10. O-O-O O-O 11. e5 dxe5 12. Bxe5 Qa5 13. f4 b5 14. Bb3 Bb7 15.
Bd4 Rfd8 16. f5 b4 17. Na4 Qxf5 18. Kb1 h6 19. Rhg1 Rd6 20. Be5 Rxd1+ 21. Rxd1
Qg5 22. g3 Rd8 23. Rxd8+ Bxd8 24. Bf4 Qg4 25. Qd2 Be7 26. c3 a5 27. Bd1 Qf5+ 28.
Ka1 Qb5 29. Qe2 Qc6 30. Be3 Kh8 31. Qd3 Nd5 32. Bd2 Bf6 33. Bc2 g6 34. c4 Nc7
35. Qf1 Ne8 36. Kb1 Kg7 37. Be3 Ba6 38. Nc5 Nd6 39. b3 Bc8 40. Na4 Ne4 41. Qc1
Nc3+ 42. Nxc3 Bxc3 43. Bxh6+ Kh7 44. Bf8 Kg8 45. Be7 Qg2 46. Qe3 Kg7 47. Bc5 Bb7
48. Bd4+ Kh7 49. Bxc3 bxc3 50. Qe1 Qf3 51. Qd1 Qe3 52. a3 Bf3 53. Qf1 Kg7 54.
h4 Bg4 55. Qc1 Qxg3 56. c5 Qxh4 57. Bd3 Qf6 58. c6 Bf3 59. c7 Bb7 60. Ka2 Qf2+
61. Bc2 Qc5 62. Qd1 Qxc7 63. Qd4+ Kg8 64. Qd3 e5 65. Qe3 Kg7 66. Qg3 Qc5 67. Qd3
1/2-1/2

[Event "XXV Miedzynarodowy Festiwal Szachowy w Poznaniu - OPEN A"]
[Site "Poznan"]
[Date "2017.08.21"]
[Round "3.35"]
[White "Lapinski, Jerzy"]
[Black "Lascar, Radoslawa"]
[Result "0-1"]
[WhiteTitle ""]
[BlackTitle ""]
[WhiteElo "1280"]
[BlackElo "1778"]

1. d4 Nf6 2. c4 e5 3. dxe5 Ng4 4. Nf3 Bc5 5. e3 Nc6 6. Be2 Ngxe5 7. O-O O-O 8.
Nc3 Re8 9. a3 a5 10. Qc2 Nxf3+ 11. Bxf3 Ne5 12. Be2 d6 13. h3 Qf6 14. Nd5 Qd8
15. b3 c6 16. Nf4 Qg5 17. Kh2 Qh6 18. Bb2 Bb6 19. Rad1 Bc7 20. Kg1 Qg5 21. Kh2
Ng6 22. Nxg6 hxg6 23. Qc3 f6 24. g3 Qh6 25. h4 g5 26. Qd4 d5 27. cxd5 gxh4 28.
Qxh4 0-1

[Event "XXV Miedzynarodowy Festiwal Szachowy w Poznaniu - OPEN A"]
[Site "Poznan"]
[Date "2017.08.21"]
[Round "3.37"]
[White "Dopierala, Adam"]
[Black "Walkowski, Milosz"]
[Result "0-1"]
[WhiteTitle ""]
[BlackTitle ""]
[WhiteElo "1059"]
[BlackElo "1772"]

1. e4 c6 2. d4 d5 3. Bd3 dxe4 4. Bxe4 Nf6 5. Bf3 Bf5 6. Nc3 e6 7. Be3 Bd6 8. Nge2
Nbd7 9. Ng3 Bg6 10. Nge4 Bb4 11. Bd2 O-O 12. O-O Qc7 13. Nb5 cxb5 14. Bxb4 Nxe4
15. Bxf8 Rxf8 16. c3 Ndf6 17. Re1 Rd8 18. Rc1 Qb6 19. Qe2 Ng5 20. Bg4 Nxg4 21.
Qxg4 h6 22. h4 Nh7 23. Re5 Nf6 24. Qe2 a6 25. a3 Qc6 26. Rc5 Qe4 27. Re5 Qxh4
28. f3 Nh5 29. Qe1 Ng3 30. Rd1 Bc2 31. Rd2 Bb3 32. Re3 Bc4 33. f4 Qh1+ 34. Kf2
Qxe1+ 35. Kxe1 Nf1 36. Rf3 Nxd2 37. Kxd2 Bd5 38. Rf2 f5 39. g3 g5 40. Rh2 Kg7
41. Ke3 Kg6 42. Rf2 Rh8 43. Rh2 h5 44. Rf2 h4 45. gxh4 Rxh4 46. fxg5 Kxg5 47.
Ke2 f4 48. Ke1 f3 49. Kd2 Rg4 50. Kd3 0-1

[Event "XXV Miedzynarodowy Festiwal Szachowy w Poznaniu - OPEN A"]
[Site "Poznan"]
[Date "2017.08.21"]
[Round "3.38"]
[White "Lesien, Przemyslaw "]
[Black "Walkowski, Jonasz"]
[Result "1-0"]
[WhiteTitle ""]
[BlackTitle ""]
[WhiteElo "1763"]
[BlackElo "1496"]

1. d4 e6 2. c4 d5 3. Nc3 Nf6 4. Bf4 c6 5. e3 Be7 6. Nf3 Nbd7 7. c5 O-O 8. Bd3 b6
9. b4 a5 10. a3 b5 11. h3 axb4 12. axb4 Bb7 13. O-O h6 14. Qe2 Nh5 15. Bh2 f5
16. g4 fxg4 17. hxg4 Nhf6 18. Ne5 Nxe5 19. dxe5 Nh7 20. Rxa8 Bxa8 21. f4 d4 22.
Rd1 Qe8 23. exd4 g6 24. Qe4 Kg7 25. Ra1 Qf7 26. Ra7 Rb8 27. Bg3 Nf8 28. Ne2 Qe8
29. f5 exf5 30. gxf5 gxf5 31. Qxf5 Rb7 32. Qg4+ Bg5 33. Ra1 Rf7 34. Bf5 Ng6 35.
e6 Re7 36. Bd6 1-0

[Event "XXV Miedzynarodowy Festiwal Szachowy w Poznaniu - OPEN A"]
[Site "Poznan"]
[Date "2017.08.21"]
[Round "3.39"]
[White "Nicikowski, Jozef"]
[Black "Pawlowski, Rafal "]
[Result "0-1"]
[WhiteTitle ""]
[BlackTitle ""]
[WhiteElo "1490"]
[BlackElo "1752"]

1. e4 c6 2. d3 d5 3. Nd2 e5 4. g3 Nf6 5. Bg2 Bd6 6. Ngf3 Bg4 7. Qe2 Nbd7 8. O-O
O-O 9. Re1 Re8 10. Nf1 h6 11. Ne3 Bc5 12. h3 Be6 13. Nh4 g6 14. Kh2 Qc7 15. Ng4
Nxg4+ 16. hxg4 Nf6 17. f3 Kg7 18. g5 hxg5 19. Bxg5 Rh8 20. exd5 Nxd5 21. c4 Nb6
22. Be3 Be7 23. Kg1 g5 24. Bxb6 axb6 25. Nf5+ Bxf5 26. Qxe5+ Qxe5 27. Rxe5 Bc5+
28. Kf1 Bxd3+ 29. Ke1 0-1

[Event "XXV Miedzynarodowy Festiwal Szachowy w Poznaniu - OPEN A"]
[Site "Poznan"]
[Date "2017.08.21"]
[Round "3.40"]
[White "Korpalska, Joanna"]
[Black "Purczynski, Andrzej"]
[Result "1/2-1/2"]
[WhiteTitle ""]
[BlackTitle ""]
[WhiteElo "1733"]
[BlackElo "1243"]

1. e4 e6 2. d4 d5 3. Nc3 c5 4. exd5 exd5 5. Nf3 Nf6 6. Bg5 Be6 7. Bb5+ Nc6 8. dxc5
Bxc5 9. O-O O-O 10. Bxf6 gxf6 11. Qd2 Qd6 12. Qh6 Bg4 13. Bd3 f5 14. Qxd6 Bxd6
15. Nxd5 Bxf3 16. gxf3 Nd4 17. f4 Kh8 18. c3 Ne6 19. Bxf5 Nxf4 20. Nf6 Kg7 21.
Ne4 Be5 22. Rfe1 f6 23. Nc5 Rf7 24. Rad1 b6 25. Nb3 Kh6 26. Rd2 Rg8+ 27. Kh1 Rg5
28. Bd7 Rfg7 29. f3 Rg2 30. Bf5 Rxd2 31. Nxd2 Rg2 32. Nc4 Re2 33. Rxe2 Nxe2 34.
Nxe5 fxe5 35. Kg2 Kg7 36. Kf2 Nf4 37. Ke3 h6 38. c4 Kf6 39. Bc8 Ke7 40. Ke4 Kd6
41. b4 Ng6 42. Kf5 Ne7+ 43. Kf6 Nxc8 44. Kg6 a5 45. a3 axb4 46. axb4 Ke6 47. Kxh6
Nd6 48. c5 bxc5 49. bxc5 Nf5+ 50. Kg5 Nd4 51. Kg4 Kd5 52. h4 Kxc5 53. h5 Ne6 54.
h6 Nf8 55. Kf5 Kd4 56. Kf6 Kd5 57. Kf7 Ne6 58. Kf6 Nf8 59. Kf7 Nh7 60. Kg7 Ng5
61. Kg6 Ne6 62. Kf6 Nf8 63. Kf7 Nh7 64. Kg7 Ng5 1/2-1/2

[Event "XXV Miedzynarodowy Festiwal Szachowy w Poznaniu - OPEN A"]
[Site "Poznan"]
[Date "2017.08.21"]
[Round "3.41"]
[White "Czarnolewski, Piotr"]
[Black "Geselle , Roman"]
[Result "1-0"]
[WhiteTitle ""]
[BlackTitle ""]
[WhiteElo "1677"]
[BlackElo "1429"]

1. e4 Nf6 2. d3 Nc6 3. Nf3 d6 4. g3 Bg4 5. Bg2 h6 6. h3 Bh5 7. Nbd2 e5 8. c3 Be7
9. a4 a5 10. O-O O-O 11. Nc4 Nd7 12. Ne3 Re8 13. Nf5 Bf8 14. Qc2 Ne7 15. N3h4
Nxf5 16. Nxf5 Bg6 17. Bd2 d5 18. Nh4 d4 19. Nxg6 fxg6 20. cxd4 c6 21. d5 c5 22.
f4 exf4 23. Bxf4 g5 24. Be3 Bd6 25. Bf2 Qc7 26. Qe2 Bxg3 27. Bxg3 Qxg3 28. Rf3
Qe5 29. Rf5 Qd4+ 30. Kh1 Rf8 31. Raf1 Rxf5 32. Rxf5 Rf8 33. Rxf8+ Kxf8 34. Qg4
Qxa4 35. Qe6 Nf6 36. e5 Qf4 37. exf6 Qc1+ 38. Kh2 Qf4+ 39. Kg1 Qc1+ 40. Bf1 gxf6
41. Qxf6+ Ke8 42. Qe6+ Kf8 43. Qxh6+ Kg8 44. Qe6+ Kg7 45. Qe5+ Kf7 46. d6 Qf4
47. Qxf4+ gxf4 48. h4 b5 49. Be2 b4 50. Bd1 1-0

[Event "XXV Miedzynarodowy Festiwal Szachowy w Poznaniu - OPEN A"]
[Site "Poznan"]
[Date "2017.08.21"]
[Round "3.42"]
[White "Grochowski, Michal "]
[Black "Chaczynski, Kamil"]
[Result "0-1"]
[WhiteTitle ""]
[BlackTitle ""]
[WhiteElo "1616"]
[BlackElo "1495"]

1. e4 e6 2. d4 d5 3. Nd2 Nf6 4. Bd3 c5 5. e5 Nfd7 6. c3 Nc6 7. Ne2 cxd4 8. cxd4
f6 9. exf6 Nxf6 10. Nf3 Bd6 11. Nc3 a6 12. O-O O-O 13. h3 e5 14. dxe5 Nxe5 15.
Nxe5 Bxe5 16. f4 Bc7 17. Bd2 b5 18. Ne2 d4 19. Ng3 Bb7 20. Nf5 Re8 21. Rf2 Qd7
22. Ng3 Bb6 23. Kh1 Rad8 24. a4 Bc6 25. axb5 Bxb5 26. Qb3+ Qd5 27. Qxd5+ Nxd5
28. Bxb5 axb5 29. Rc1 Rc8 30. Rff1 Ne3 31. Rfe1 Nc4 32. Rxe8+ Rxe8 33. Rd1 Bc7
34. Bc1 g5 35. Nh5 Re2 36. fxg5 d3 37. Nf6+ Kg7 38. Nd5 Be5 39. b3 d2 40. Bxd2
Rxd2 41. Rxd2 Nxd2 42. b4 Kg6 43. g4 Kxg5 44. Kg2 0-1

[Event "XXV Miedzynarodowy Festiwal Szachowy w Poznaniu - OPEN A"]
[Site "Poznan"]
[Date "2017.08.21"]
[Round "3.43"]
[White "Kabzinski, Jan "]
[Black "Polak, Karol "]
[Result "1/2-1/2"]
[WhiteTitle ""]
[BlackTitle ""]
[WhiteElo "1433"]
[BlackElo "1581"]

1. c4 e5 2. Nc3 Nc6 3. e3 Nf6 4. d4 exd4 5. exd4 Bb4 6. Nf3 Bxc3+ 7. bxc3 O-O 8.
Be2 Ne4 9. Qc2 Re8 10. O-O h6 11. Bd3 Nf6 12. Bf4 d6 13. h3 b6 14. Rfe1 Ba6 15.
Rxe8+ Qxe8 16. Re1 Qf8 17. Nd2 Na5 18. Qa4 c6 19. Nb3 Nxb3 20. axb3 Bb7 21. Qb4
c5 22. Qa3 a5 23. Qa2 Re8 24. Qd2 Re7 25. Re3 Rxe3 26. Qxe3 Nh5 27. Bh2 Nf6 28.
dxc5 dxc5 29. Bc7 Qc8 30. Qe7 Nd7 31. Qd6 Qe8 32. Kf1 Qe6 33. Qxe6 fxe6 34. g3
Kf7 35. Ke2 g5 36. Ke3 Kf6 37. Bd8+ Kf7 38. Bc7 Kf6 39. f4 gxf4+ 40. Bxf4 h5 41.
Bc7 Bg2 42. h4 e5 43. Be4 Bxe4 44. Kxe4 Ke6 45. Bd8 Nf6+ 46. Ke3 Nd7 47. Ke4 Nf6+
48. Ke3 Nd7 1/2-1/2

[Event "XXV Miedzynarodowy Festiwal Szachowy w Poznaniu - OPEN A"]
[Site "Poznan"]
[Date "2017.08.21"]
[Round "3.44"]
[White "Walaszyk, Zbigniew "]
[Black "Huchwajda, Grzegorz"]
[Result "0-1"]
[WhiteTitle ""]
[BlackTitle ""]
[WhiteElo "1344"]
[BlackElo "1566"]

1. e4 c5 2. Nf3 e6 3. d4 cxd4 4. Nxd4 Nf6 5. Nc3 Nc6 6. Be3 Bb4 7. a3 Bxc3+ 8.
bxc3 Nxe4 9. Qd3 d5 10. Rb1 a6 11. Nxc6 bxc6 12. Be2 O-O 13. O-O a5 14. f3 Ba6
15. Bb6 Bxd3 16. Bxd8 Bxe2 17. Rfe1 Rfxd8 18. fxe4 Bc4 19. e5 Rdb8 20. h3 a4 21.
Kf2 Rb5 22. Rb4 Rab8 23. Reb1 c5 24. Rxb5 Rxb5 25. Rc1 Rb2 26. Ke3 Ba2 27. Kd2
Rb1 28. g4 Rxc1 29. Kxc1 Kf8 30. Kd2 Ke7 31. Ke3 f6 32. exf6+ gxf6 0-1

[Event "XXV Miedzynarodowy Festiwal Szachowy w Poznaniu - OPEN A"]
[Site "Poznan"]
[Date "2017.08.21"]
[Round "3.45"]
[White "Wasiak, Stanislaw"]
[Black "Gajewski, Zbigniew "]
[Result "1-0"]
[WhiteTitle ""]
[BlackTitle ""]
[WhiteElo "1551"]
[BlackElo "1347"]

1. c4 g6 2. Nf3 Bg7 3. g3 Nf6 4. Bg2 O-O 5. O-O c6 6. d4 e6 7. Nc3 d5 8. cxd5 exd5
9. Bg5 h6 10. Bxf6 Qxf6 11. Qd2 Bg4 12. h3 Bxf3 13. Bxf3 Qxd4 14. Qc2 Nd7 15.
Rad1 Qf6 16. Bg2 Rfe8 17. e4 d4 18. Ne2 c5 19. Nf4 Rad8 20. Nd5 Qd6 21. f4 b6
22. Qc4 Qb8 23. e5 Nf8 24. Be4 h5 25. Kg2 Re6 26. Rde1 Rde8 27. f5 gxf5 28. Rxf5
Rxe5 29. Rxe5 Rxe5 30. Qe2 Qd6 31. Qf3 f5 32. Qb3 fxe4 33. Nf6+ 1-0

[Event "XXV Miedzynarodowy Festiwal Szachowy w Poznaniu - OPEN A"]
[Site "Poznan"]
[Date "2017.08.21"]
[Round "3.46"]
[White "Szafranski, Piotr"]
[Black "Drozdowicz, Ignacy "]
[Result "1-0"]
[WhiteTitle ""]
[BlackTitle ""]
[WhiteElo "1545"]
[BlackElo "1339"]

1. c4 e5 2. Nc3 Nf6 3. Nf3 d6 4. g3 Be6 5. Bg2 Be7 6. Nxe5 c6 7. Nf3 Bxc4 8. d3
Be6 9. Ng5 Bf5 10. Qb3 O-O 11. Qxb7 Nfd7 12. Qxa8 Qc7 13. Nd5 cxd5 14. Qxd5 h6
15. Qxf5 hxg5 16. h4 g6 17. Qh3 Qa5+ 18. Bd2 Qf5 19. g4 Qf6 20. Bc3 Ne5 21. hxg5
Qg7 22. f4 Nxd3+ 23. Qxd3 f6 24. Bd5+ Rf7 25. Qc4 Kf8 26. Qc8+ 1-0

[Event "XXV Miedzynarodowy Festiwal Szachowy w Poznaniu - OPEN A"]
[Site "Poznan"]
[Date "2017.08.21"]
[Round "3.47"]
[White "Tadych, Szymon "]
[Black "Piasecki, Andrzej"]
[Result "1-0"]
[WhiteTitle ""]
[BlackTitle ""]
[WhiteElo "1501"]
[BlackElo "1300"]

1. d4 f5 2. c4 e6 3. Nc3 Nf6 4. Bf4 Bd6 5. Bxd6 cxd6 6. g3 d5 7. cxd5 Nxd5 8. Nxd5
exd5 9. Bg2 Qa5+ 10. Qd2 Qxd2+ 11. Kxd2 Nc6 12. e3 Ne7 13. Ne2 b6 14. Nc3 Bb7
15. Nb5 O-O 16. Rac1 Bc6 17. Nc3 b5 18. b4 a5 19. Rb1 axb4 20. Rxb4 Rfb8 21. Rhb1
1-0

[Event "XXV Miedzynarodowy Festiwal Szachowy w Poznaniu - OPEN A"]
[Site "Poznan"]
[Date "2017.08.21"]
[Round "3.48"]
[White "Zurawski, Mateusz"]
[Black "Tomczak, Marta "]
[Result "1-0"]
[WhiteTitle ""]
[BlackTitle ""]
[WhiteElo "1328"]
[BlackElo "1480"]

1. e4 c5 2. Nf3 Nc6 3. d4 cxd4 4. Nxd4 e5 5. Nf3 Nf6 6. Bc4 Nxe4 7. Bxf7+ Kxf7
8. Qd5+ Ke8 9. Qxe4 d5 10. Qe3 Bd6 11. O-O Qc7 12. b3 Nb4 13. Na3 a6 14. Re1 Nc6
15. Bb2 d4 16. Nxd4 Nxd4 17. Qxd4 Qe7 18. Qd2 Be6 19. Nc4 Bxc4 20. bxc4 Rc8 21.
Qd5 Rc5 22. Qxc5 Bxc5 23. Rxe5 Rf8 24. Rxe7+ Kxe7 25. Re1+ Kd7 26. Re2 g6 27.
g3 Rc8 28. Kf1 Be7 29. Re4 b5 30. cxb5 Rxc2 31. Re2 Rxe2 32. Kxe2 axb5 33. Kd3
Ke6 34. Ke4 Bd6 35. Bc1 Bc5 36. Be3 Bd6 37. h3 h5 38. g4 hxg4 39. hxg4 Be5 40.
f4 Bf6 41. f5+ gxf5+ 42. gxf5+ Kd6 43. Bd4 Bd8 44. Kf4 b4 45. Bg7 Ke7 46. Ke4
Kf7 47. Bd4 Ke8 48. Kd5 Kd7 49. Bc5 Bf6 50. Bxb4 Bh4 51. a4 Kc7 52. Ke6 Kd8 53.
a5 Kc8 54. Bc5 Kd8 55. a6 Kc7 56. Be7 Bf2 57. f6 Bd4 58. f7 Bg7 59. Bc5 Kc8 60.
Ba7 Bf8 61. Kf6 Kc7 62. Kg6 Kc6 63. Bb8 Kb6 64. a7 Kb7 65. Kh7 Ka8 66. Kg8 Bc5
67. Be5 Bb4 68. Bg7 Kxa7 69. Bf8 Bd2 70. Be7 Bh6 71. Kh7 1-0

[Event "XXV Miedzynarodowy Festiwal Szachowy w Poznaniu - OPEN A"]
[Site "Poznan"]
[Date "2017.08.21"]
[Round "3.50"]
[White "Szafranski, Maciej "]
[Black "Nawrowski, Artur "]
[Result "1-0"]
[WhiteTitle ""]
[BlackTitle ""]
[WhiteElo "1439"]
[BlackElo "1024"]

1. e4 d6 2. d4 Nf6 3. Nc3 Nbd7 4. Nf3 e5 5. Bd3 Be7 6. h3 c6 7. Be3 Qc7 8. Qd2
b6 9. O-O Nf8 10. a3 Ng6 11. b4 Nf4 12. Bxf4 exf4 13. Qxf4 O-O 14. Qe3 h6 15.
e5 dxe5 16. dxe5 Nd5 17. Qe4 a5 18. Qh7# 1-0

[Event "XXV Miedzynarodowy Festiwal Szachowy w Poznaniu - OPEN A"]
[Site "Poznan"]
[Date "2017.08.21"]
[Round "3.51"]
[White "Zielinski, Tomasz"]
[Black "Piechocki, Bronislaw "]
[Result "1-0"]
[WhiteTitle ""]
[BlackTitle ""]
[WhiteElo "1215"]
[BlackElo "1435"]

1. e4 d6 2. d4 Nf6 3. Bd3 g6 4. c3 Bg7 5. h3 O-O 6. Nf3 c6 7. O-O Qc7 8. Bf4 c5
9. Nbd2 cxd4 10. cxd4 Qb6 11. Rb1 Nfd7 12. Nc4 Qd8 13. Rc1 a6 14. a4 b5 15. axb5
axb5 16. Ncd2 Qb6 17. Be3 Qa5 18. Qe2 b4 19. Nc4 Qd8 20. Qd2 Nc6 21. Nxd6 exd6
22. Rxc6 d5 23. e5 Rb8 24. Rfc1 Qa5 25. Bf4 Ra8 26. Qe1 Nb6 27. Bd2 Be6 28. Bxb4
Qa7 29. Bxf8 Bxf8 30. Ng5 Re8 31. Nxe6 Rxe6 32. Rxe6 fxe6 33. Rc6 Kf7 34. Qc1
Nd7 35. Qf4+ Ke7 36. Qh4+ Kf7 37. Qxh7+ Bg7 38. Bxg6+ Ke7 39. Qxg7+ Kd8 40. Qg8+
Nf8 41. Qxf8+ Kd7 42. Qe8# 1-0

[Event "XXV Miedzynarodowy Festiwal Szachowy w Poznaniu - OPEN A"]
[Site "Poznan"]
[Date "2017.08.22"]
[Round "4.1"]
[White "Niekras, Dawid "]
[Black "Tomczak, Jacek "]
[Result "1-0"]
[WhiteTitle ""]
[BlackTitle ""]
[WhiteElo "2277"]
[BlackElo "2598"]

1. e4 e6 2. d4 d5 3. Bd3 dxe4 4. Bxe4 Nf6 5. Bf3 Bd6 6. Ne2 O-O 7. Nbc3 c6 8. Bg5
Nbd7 9. Qd2 Qc7 10. O-O-O a5 11. h4 a4 12. h5 Ra5 13. Ne4 Nxe4 14. Bxe4 b6 15.
Kb1 Ba6 16. Nc1 b5 17. Nd3 b4 18. h6 Bxd3 19. cxd3 g6 20. Rc1 Nb8 21. Rc4 f6 22.
Bh4 Rb5 23. Re1 a3 24. b3 Bf4 25. Qc2 Rb6 26. d5 g5 27. dxe6 gxh4 28. e7 Re8 29.
Bd5+ Kh8 30. Rxf4 Qxf4 31. Bf7 Rb5 32. Re4 Rxe7 33. Rxf4 Re1+ 34. Qc1 Rxc1+ 35.
Kxc1 Rc5+ 36. Kd2 Re5 37. Rxb4 Nd7 38. Rb7 Re7 39. Bc4 h3 40. gxh3 f5 41. Rc7
1-0

[Event "XXV Miedzynarodowy Festiwal Szachowy w Poznaniu - OPEN A"]
[Site "Poznan"]
[Date "2017.08.22"]
[Round "4.2"]
[White "Szelag, Marcin "]
[Black "Chojnacki, Krzysztof "]
[Result "1/2-1/2"]
[WhiteTitle ""]
[BlackTitle ""]
[WhiteElo "2456"]
[BlackElo "2377"]

1. e4 e6 2. d4 d5 3. Nc3 Nf6 4. e5 Nfd7 5. f4 c5 6. Nf3 Nc6 7. Be3 Be7 8. Qd2 O-O
9. dxc5 Bxc5 10. O-O-O Qb6 11. Bxc5 Nxc5 12. Kb1 Rd8 13. Nd4 Ne4 14. Qe3 Nxc3+
15. Qxc3 Bd7 16. h4 Rac8 17. Qe3 Nxd4 18. Qxd4 Qxd4 19. Rxd4 f6 20. exf6 gxf6
21. Bd3 Bc6 22. Re1 Kf7 23. h5 Rg8 24. Bxh7 Rxg2 25. Bg6+ Kg7 26. b3 Bd7 27. c4
f5 28. Rc1 Kf6 29. a4 Be8 30. cxd5 Rxc1+ 31. Kxc1 Bxg6 32. d6 Be8 33. d7 Bxd7
34. Rxd7 Rg7 35. Rd3 Rh7 36. Rh3 e5 37. fxe5+ Kxe5 38. Kd2 Kf4 39. Rh1 a5 40.
Ke2 Kg5 41. Rg1+ Kxh5 42. Kf3 Rd7 43. Kf4 Rd3 44. Rg5+ Kh6 45. Rxf5 Rxb3 46. Rxa5
Kg6 47. Ke5 Kf7 48. Kd6 Rb4 49. Kc5 Rh4 50. Ra7 Ke8 51. a5 Kd8 52. Rxb7 Kc8 53.
a6 Rh6 54. Kb5 Rg6 55. Ka5 Rg1 56. Kb6 Rb1+ 57. Ka7 Ra1 58. Rb5 Ra2 59. Rc5+ Kd7
60. Rc4 Rb2 61. Rh4 Kc7 62. Rh1 Rb3 63. Rh7+ Kc8 64. Rb7 Ra3 65. Rb1 Kc7 66. Rc1+
Kd7 67. Kb6 Rb3+ 68. Ka5 Ra3+ 69. Kb5 Rb3+ 70. Ka4 Rb2 71. Rh1 Kc7 72. Rh7+ Kb8
73. Rb7+ Rxb7 74. axb7 Kxb7 1/2-1/2

[Event "XXV Miedzynarodowy Festiwal Szachowy w Poznaniu - OPEN A"]
[Site "Poznan"]
[Date "2017.08.22"]
[Round "4.3"]
[White "Polok, Kacper"]
[Black "Urban, Klaudiusz "]
[Result "1-0"]
[WhiteTitle ""]
[BlackTitle ""]
[WhiteElo "2249"]
[BlackElo "2426"]

1. e4 c6 2. c4 e5 3. Nf3 d6 4. d4 Nd7 5. Nc3 Ngf6 6. Be2 Be7 7. O-O O-O 8. Re1
a6 9. Rb1 Re8 10. b4 Qc7 11. a4 Bf8 12. d5 a5 13. b5 cxd5 14. Nxd5 Qd8 15. Nd2
Nc5 16. Nxf6+ Qxf6 17. Ba3 g6 18. Bxc5 dxc5 19. Bg4 Bh6 20. Bxc8 Raxc8 21. Nf3
Red8 22. Qe2 b6 23. Red1 Qe6 24. Rxd8+ Rxd8 25. Kf1 f6 26. Ke1 Kf8 27. Rd1 Rxd1+
28. Kxd1 Qg4 29. g3 Ke7 30. Ke1 Qh3 31. Qd3 Qg4 32. Ke2 f5 33. h3 Qxe4+ 34. Qxe4
fxe4 35. Nd2 Bxd2 36. Kxd2 Kf6 37. Ke3 Kf5 38. g4+ Kg5 39. Kxe4 Kh4 40. Kxe5 Kxh3
41. g5 Kh4 42. f4 Kg4 43. Kd5 Kxf4 44. Kc6 Kxg5 45. Kxb6 h5 46. Kxc5 h4 47. b6
h3 48. b7 h2 49. b8=Q h1=Q 50. Qe5+ Kg4 51. Qe6+ Kf4 52. Qxg6 Qe1 53. Qd6+ Kf5
54. Kb5 Qc3 55. c5 Qb4+ 56. Ka6 Qxa4 57. c6 Qe4 58. c7 Qa8+ 59. Kb6 Qc8 60. Ka7
1-0

[Event "XXV Miedzynarodowy Festiwal Szachowy w Poznaniu - OPEN A"]
[Site "Poznan"]
[Date "2017.08.22"]
[Round "4.4"]
[White "Sieciechowicz, Marcin"]
[Black "Orzechowski, Jacek "]
[Result "1-0"]
[WhiteTitle ""]
[BlackTitle ""]
[WhiteElo "2408"]
[BlackElo "2069"]

1. d4 Nf6 2. c4 c5 3. d5 g6 4. Nc3 Bg7 5. e4 d6 6. Nf3 O-O 7. h3 e6 8. Bd3 Na6
9. O-O e5 10. Ne2 Ne8 11. Ne1 Bd7 12. a3 Nac7 13. Rb1 b5 14. b4 bxc4 15. Bxc4
cxb4 16. Rxb4 a5 17. Rb1 Na6 18. Be3 Nc5 19. f3 Bf6 20. Nd3 Bg5 21. Bxc5 dxc5
22. Nxe5 Be3+ 23. Kh1 Bxh3 24. gxh3 Qh4 25. Kg2 f5 26. Qe1 Qd8 27. d6+ Kg7 28.
Rb7+ 1-0

[Event "XXV Miedzynarodowy Festiwal Szachowy w Poznaniu - OPEN A"]
[Site "Poznan"]
[Date "2017.08.22"]
[Round "4.5"]
[White "Kus, Aleksander"]
[Black "Schmidt, Wlodzimierz "]
[Result "1/2-1/2"]
[WhiteTitle ""]
[BlackTitle ""]
[WhiteElo "2012"]
[BlackElo "2272"]

1. e4 c5 2. Nf3 e6 3. d4 cxd4 4. Nxd4 Nc6 5. Nc3 Qc7 6. Be2 a6 7. O-O Nf6 8. Be3
d6 9. f4 Be7 10. Qe1 O-O 11. Rd1 Nxd4 12. Bxd4 b5 13. e5 dxe5 14. fxe5 Nd7 15.
Ne4 Bb7 16. Nf6+ Kh8 17. Bd3 Bc5 18. Bxh7 Bxd4+ 19. Rxd4 Qxe5 20. Qh4 Qe3+ 21.
Kh1 Nxf6 22. Bd3+ Qh6 23. Rxf6 Qxh4 24. Rxh4+ Kg8 25. Bh7+ 1/2-1/2